000 00501nam a2200193Ia 4500
003 GCL
008 140319s9999 xx 000 0 eng d
040 _aGCL /
_cGCL
082 0 4 _a574.191
_bO O
100 1 _aORR, JOHN
245 1 0 _aOPTICAL MEASUREMENT: METHODS IN BIOMECHANICS /
_cORR, JOHN
700 1 _aSHELTON, J.C
260 _a[S.N] :
_bCHAPMAN & HALL ،
_c1997
300 _a196 P
650 0 4 _aBIOMECHANICS
650 0 4 _aBIOLOGICAL MECHANICS
650 0 4 _aBIOPHYSICS
942 _2ddc
_cBK
999 _c16206
_d16206